Discursos leídos en la Academia Nacional de la Historia en la recepción pública del Sr. Dr. Pedro Manuel Arcaya el día 11 de diciembre de 1910 (Record no. 25138)

MARC details
000 -LEADER
campo de control de longitud fija 00723nam a2200169 i 4500
001 - NÚMERO DE CONTROL
campo de control 25138
003 - IDENTIFICADOR DE NÚMERO DE CONTROL
campo de control ES-MaACL
005 - FECHA Y HORA DE LA ÚLTIMA TRANSACCIÓN
campo de control 20230906153211.0
007 - CAMPO FIJO DE DESCRIPCIÓN FÍSICA--INFORMACIÓN GENERAL
campo de control de longitud fija t|
008 - DATOS DE LONGITUD FIJA--INFORMACIÓN GENERAL
campo de control de longitud fija 021220s1910 ve ||||1| spa d
100 1# - ENTRADA PRINCIPAL--NOMBRE DE PERSONA
Nombre de persona Arcaya, Pedro Manuel.
9 (RLIN) 22442
245 10 - MENCIÓN DEL TÍTULO
Título Discursos leídos en la Academia Nacional de la Historia en la recepción pública del Sr. Dr. Pedro Manuel Arcaya el día 11 de diciembre de 1910
Resto del título : [tema: La insurreción de los negros de la Serranía de Coro en 1795] /
Mención de responsabilidad, etc. Pedro Manuel Arcaya ; [contestación de Francisco Tosta García].
260 ## - PUBLICACIÓN, DISTRIBUCIÓN, ETC.
Lugar de publicación, distribución, etc. Caracas :
Nombre del editor, distribuidor, etc. [s.n.],
Fecha de publicación, distribución, etc. 1910 (
Fabricante Imp. Bolivar)
300 ## - DESCRIPCIÓN FÍSICA
Extensión 58 p. ;
Dimensiones 23 cm.
700 1# - ENTRADA AGREGADA--NOMBRE PERSONAL
Nombre de persona Tosta García, Francisco.
9 (RLIN) 111104
852 ## - LOCALIZACIÓN
Ubicación ES-MaACL
Número de control de estantería T-1229-F-3
Holdings
Estatus retirado Estado de pérdida Estado de daño No para préstamo Colección Biblioteca de origen Biblioteca actual Ubicación en estantería Fecha de adquisición Fuente de adquisición Total de préstamos Signatura topográfica completa Código de barras Visto por última vez Precio de reemplazo Tipo de ítem Koha
        Colección de folletos Biblioteca del Ateneo de Madrid Biblioteca del Ateneo de Madrid Depósito folletos 17/01/2008     T-1229-F-3 1025918 23/02/2023 23/02/2023 Folleto